| 000 | 10408nam a22009617a 4500 | ||
|---|---|---|---|
| 999 |
_c23234 _d23234 |
||
| 003 | NUST | ||
| 005 | 20170605104902.0 | ||
| 008 | 170602b xxu||||| |||| 00| 0 eng d | ||
| 020 | _a0131429175 | ||
| 040 |
_aDLC _bDLC _cRCMS |
||
| 050 | _a003.3 LEE | ||
| 082 | _a003.3 LEE | ||
| 100 |
_aLAWRENCE M. LEEMIS _91955 |
||
| 245 | _aDISCRETE-EVENT SIMULATION: A FIRST COURSE | ||
| 260 |
_aUSA _bPEARSON PRENTICE HALL _c2006 |
||
| 300 | _a604 | ||
| 538 | _iShelf # 11, Row # 1 Mechanical & Aerospace. Shelf # 11, Row # 3 Mechanical & Aerospace. Shelf # 11, Row # 4 Mechanical & Aerospace. Shelf # 11, Row # 6 Mechanical & Aerospace. (001988 to 001999) | ||
| 856 | _3Table of Contents Only. | ||
| 942 |
_cBK _2ddc _h003.3 LEE |
||